Songs of man: (Record no. 8364)
[ view plain ]
| 000 -LEADER | |
|---|---|
| fixed length control field | 00760cam a2200253u 4500 |
| 001 - CONTROL NUMBER | |
| JCCL Control Number | 8364 |
| 003 - CONTROL NUMBER IDENTIFIER | |
| JCCL marc code | BD-JhCC |
| 005 - DATE AND TIME OF LATEST TRANSACTION | |
| control field | 20231127133815.0 |
| 008 - FIXED-LENGTH DATA ELEMENTS--GENERAL INFORMATION | |
| fixed length control field | 830617s1965 njuaf 000 0 eng |
| 035 ## - SYSTEM CONTROL NUMBER | |
| system control number | (BD-JhCC)8364 |
| 040 ## - CATALOGING SOURCE | |
| Original cataloging agency | DLC |
| Transcribing agency | CarP |
| Modifying agency | DLC |
| -- | BD-JhCC |
| 041 ## - LANGUAGE CODE | |
| Language code of Book | eng |
| 050 00 - LIBRARY OF CONGRESS CALL NUMBER | |
| Classification number | M1627.L82 |
| Item number | S6 |
| 082 ## - DEWEY DECIMAL CLASSIFICATION NUMBER | |
| Author mark and Year | LUB 1965 |
| 100 1# - MAIN ENTRY--PERSONAL NAME | |
| Personal name | Luboff, Norman, |
| Dates associated with a name | 1917-1987, |
| 245 10 - TITLE STATEMENT | |
| Title | Songs of man: |
| Remainder of title | the international book of folk songs / |
| Statement of responsibility, etc | Norman Luboff. |
| 260 ## - PUBLICATION, DISTRIBUTION, ETC. (IMPRINT) | |
| Place of publication, distribution, etc | Englewood Cliffs, N.J., |
| Name of publisher, distributor, etc | Prentice-Hall |
| Date of publication, distribution, etc | [1965] |
| 300 ## - PHYSICAL DESCRIPTION | |
| Pagination | 368 p. |
| Other physical details | col. illus., plates. |
| Dimensions | 28 cm. |
| 650 #0 - SUBJECT ADDED ENTRY--TOPICAL TERM | |
| Topical term or geographic name as entry element | Folk songs. |
| 700 1# - ADDED ENTRY--PERSONAL NAME | |
| Personal name | Stracke, Win, |
| Dates associated with a name | 1908-1991, |
| 700 1# - ADDED ENTRY--PERSONAL NAME | |
| Personal name | Freeman, Paul K., |
| Dates associated with a name | 1929- [from old catalog] |
| 942 ## - ADDED ENTRY ELEMENTS (KOHA) | |
| Source of classification or shelving scheme | Dewey Decimal Classification |
| Koha item type | Books |
| Source of classification or shelving scheme | Damaged status | Not for loan | Home library | Current library | Shelving location | Date of accession | Full call number | Barcode | Date last seen | Copy number | Method of acquisition | Koha item type |
|---|---|---|---|---|---|---|---|---|---|---|---|---|
| Dewey Decimal Classification | JCC Rouf Library | JCC Rouf Library | General Stacks | 11/27/2023 | 784.406 LUB 1965 | 10807 | 02/22/2018 | C - 1 | Purchase | Books |